[Event "Autunno Scacchistico A"]
[Site "Venezia ITA"]
[Date "2004.11.01"]
[Round "4"]
[White "Cesaro, Giuliano"]
[Black "Zarpellon, Daniel"]
[Result "0-1"]
[WhiteElo "1963"]
[BlackElo "1985"]
[PlyCount "110"]
[EventDate "2004.10.30"]

1. d4 d5 2. Nf3 Nf6 3. g3 g6 4. Bg2 Bg7 5. O-O O-O 6. c4 c6 7. Nc3 e6 8. b3 Ne4
9. Bb2 f5 10. e3 Nd7 11. Nd2 Ndf6 12. f3 Nxd2 13. Qxd2 Bh6 14. f4 g5 15. Rfe1
Rf7 16. a4 a5 17. Ba3 g4 18. Qc2 Bf8 19. Bxf8 Qxf8 20. Nd1 h5 21. Nf2 h4 22.
Nd3 Rh7 23. Re2 Qh6 24. Ra2 hxg3 25. hxg3 Qh2+ 26. Kf1 Qxg3 27. cxd5 exd5 28.
Nf2 Ne4 29. Nxe4 fxe4 30. Qc5 Qh4 31. Qd6 Qe7 32. Qxe7 Rxe7 33. Kf2 Bf5 34. Kg3
Rh7 35. Bf1 Kf7 36. Rh2 Rah8 37. Rxh7+ Rxh7 38. Rh2 Rxh2 39. Kxh2 b6 40. Kg3 c5
41. Be2 cxd4 42. exd4 e3 43. Bb5 Bc2 44. Kxg4 Bd1+ 45. Kg3 Ke6 46. Bc6 Bh5 47.
Kg2 e2 48. Kf2 Bf3 49. Bb5 Kf5 50. Bxe2 Bxe2 51. Kxe2 Kxf4 52. Kd3 Kf3 53. Kd2
Ke4 54. Kc3 Ke3 55. b4 Ke4 0-1

[Event "Autunno Scacchistico A"]
[Site "Venezia ITA"]
[Date "2004.11.01"]
[Round "4"]
[White "Lorenzini, Adriano"]
[Black "Xia, Jie"]
[Result "0-1"]
[WhiteElo "1880"]
[BlackElo "2097"]
[PlyCount "66"]
[EventDate "2004.10.30"]

1. d4 Nf6 2. c4 g6 3. Nc3 Bg7 4. e4 d6 5. f3 O-O 6. Be3 e5 7. Nge2 Nc6 8. d5
Ne7 9. Qd2 Ne8 10. O-O-O f5 11. Kb1 f4 12. Bf2 a6 13. Nc1 Bd7 14. Nb3 Qb8 15.
c5 Nf6 16. Be2 Rf7 17. Rc1 Nc8 18. Rc2 Bf8 19. c6 bxc6 20. dxc6 Be6 21. Nd5
Nxd5 22. exd5 Bf5 23. Bd3 Ne7 24. Be4 Qc8 25. Rc4 Bh6 26. Qa5 Rb8 27. Rd1 Rb5
28. Qc3 Nxd5 29. Qe1 Bxe4+ 30. fxe4 Ne3 31. Bxe3 fxe3 32. Nc1 Qg4 33. Rc2 Qxe4
0-1

[Event "Autunno Scacchistico A"]
[Site "Venezia ITA"]
[Date "2004.11.01"]
[Round "4"]
[White "Redo, Giorgio"]
[Black "Rossi, Damiano"]
[Result "0-1"]
[WhiteElo "2045"]
[BlackElo "1996"]
[PlyCount "72"]
[EventDate "2004.10.30"]

1. f4 d5 2. Nf3 Nf6 3. e3 Bf5 4. b3 Nbd7 5. Bb2 c6 6. Be2 Qc7 7. O-O e6 8. Nd4
h5 9. d3 Bg6 10. Nd2 Bc5 11. N2f3 e5 12. fxe5 Nxe5 13. Qe1 O-O-O 14. Qg3 Nxf3+
15. Qxf3 Ng4 16. Qf4 Bd6 17. Bxg4+ Kb8 18. Qf3 hxg4 19. Qxg4 Qe7 20. h3 Qxe3+
21. Kh1 Bh5 22. Nf5 Qd2 23. Qxg7 Rhg8 24. Nxd6 Rxg7 25. Bxg7 Rg8 26. Nf5 Qxc2
27. d4 a6 28. Rae1 Ka8 29. Re7 Bg6 30. Ne3 Qxa2 31. Bf6 Be4 32. Rg1 Qd2 33. Nc4
Bxg2+ 34. Kh2 Bf1+ 35. Kh1 Rxg1+ 36. Kxg1 Qg2# 0-1

[Event "Autunno Scacchistico A"]
[Site "Venezia ITA"]
[Date "2004.11.01"]
[Round "4"]
[White "Rossero, Tullio"]
[Black "Roberti, Ignazio"]
[Result "1/2-1/2"]
[WhiteElo "1862"]
[BlackElo "1960"]
[PlyCount "107"]
[EventDate "2004.10.30"]

1. d4 Nf6 2. c4 c5 3. d5 e6 4. dxe6 fxe6 5. Nc3 Nc6 6. e4 b6 7. f4 d6 8. Nf3
Bb7 9. Bd3 Be7 10. O-O O-O 11. Ng5 Bc8 12. Be3 Nd4 13. e5 dxe5 14. fxe5 Nf5 15.
Bxf5 exf5 16. exf6 Bxf6 17. Qxd8 Rxd8 18. Rad1 Re8 19. Bf4 Bd4+ 20. Kh1 Ba6 21.
Nb5 Bxb2 22. a4 h6 23. Nf3 g5 24. Bc1 Bg7 25. Rfe1 Bb7 26. Rxe8+ Rxe8 27. Nxa7
Ra8 28. Nb5 Rxa4 29. Nd6 Be4 30. Nc8 Ra1 31. Re1 g4 32. Ng1 Bc3 33. Bd2 Rxe1
34. Bxe1 Bxe1 35. Nxb6 Kf7 36. h3 h5 37. hxg4 hxg4 38. Ne2 Ke6 39. Kg1 Bc6 40.
Nf4+ Kf6 41. Kf1 Ba5 42. Nbd5+ Bxd5 43. Nxd5+ Ke5 44. Ke2 f4 45. Kd3 Bd8 46.
Nc3 Be7 47. Ne4 Bf8 48. Nf2 g3 49. Nh3 Kf5 50. Ng1 Bg7 51. Nf3 Bd4 52. Nd2 Be3
53. Nf3 Kg4 54. Ne1 1/2-1/2

[Event "Autunno Scacchistico A"]
[Site "Venezia ITA"]
[Date "2004.11.01"]
[Round "4"]
[White "Scuderi, David"]
[Black "Tomio, Dante"]
[Result "0-1"]
[WhiteElo "2071"]
[BlackElo "1876"]
[PlyCount "48"]
[EventDate "2004.10.30"]

1. e4 c5 2. c3 d6 3. d4 cxd4 4. cxd4 Nf6 5. Nc3 g6 6. Bg5 Bg7 7. f4 O-O 8. Nf3
Qa5 9. Qd2 Nc6 10. Bc4 Bg4 11. O-O Rac8 12. e5 dxe5 13. fxe5 Nd7 14. Qf4 Bxf3
15. Rxf3 Ncxe5 16. dxe5 Nxe5 17. Be2 Nxf3+ 18. Bxf3 Qb6+ 19. Kh1 Qxb2 20. Rf1
Qxc3 21. Bxe7 Rc4 22. Be4 Be5 23. Qh6 Re8 24. Bxg6 hxg6 0-1

[Event "Autunno Scacchistico A"]
[Site "Venezia ITA"]
[Date "2004.11.01"]
[Round "4"]
[White "Zambon, Roberto"]
[Black "Cecchetto, Vanni"]
[Result "0-1"]
[WhiteElo "1799"]
[BlackElo "1989"]
[PlyCount "96"]
[EventDate "2004.10.30"]

1. d4 c5 2. d5 Nf6 3. c4 d6 4. Nc3 g6 5. e4 Bg7 6. Nf3 O-O 7. Be2 e6 8. O-O
exd5 9. cxd5 Bg4 10. Bf4 a6 11. a4 Ne8 12. h3 Bxf3 13. Bxf3 Nd7 14. Qc2 Ne5 15.
Be2 g5 16. Be3 Ng6 17. Bd3 Kh8 18. Ne2 Qf6 19. Rab1 Nf4 20. Ng3 Rg8 21. Bd2 Rc8
22. Bc3 Qg6 23. Nf5 Rc7 24. b3 Be5 25. Bxe5+ dxe5 26. Be2 Nd6 27. Nxd6 Qxd6 28.
Rbc1 h5 29. f3 Qh6 30. Rcd1 b5 31. axb5 axb5 32. Rc1 c4 33. bxc4 bxc4 34. Rfe1
Qb6+ 35. Kf1 Rgc8 36. Qc3 f6 37. Rb1 Qd4 38. Rec1 Kg7 39. Rb4 Nxe2 40. Kxe2 Kg6
41. g4 hxg4 42. hxg4 Qc5 43. Rbb1 Rh7 44. Rh1 Rch8 45. Rxh7 Rxh7 46. Rf1 Rh2+
47. Ke1 Qb6 48. Kd1 Qb1+ 0-1

[Event "Autunno Scacchistico A"]
[Site "Venezia ITA"]
[Date "2004.11.01"]
[Round "5"]
[White "Baracchi, Filippo"]
[Black "Rossero, Tullio"]
[Result "1-0"]
[WhiteElo "1908"]
[BlackElo "1862"]
[PlyCount "103"]
[EventDate "2004.10.30"]

1. e4 d6 2. d4 Nf6 3. Nc3 c6 4. Nf3 g6 5. Bg5 Bg7 6. Bc4 O-O 7. Qd2 b5 8. Bd3
Bg4 9. Bh6 Bxf3 10. gxf3 e5 11. Ne2 Nbd7 12. c3 d5 13. Ng3 dxe4 14. Bxg7 Kxg7
15. fxe4 exd4 16. cxd4 c5 17. Bxb5 cxd4 18. O-O-O Qc7+ 19. Kb1 Rad8 20. Qxd4
Ne5 21. Qe3 Neg4 22. Qg5 Rxd1+ 23. Rxd1 Rc8 24. Bd3 Qc5 25. Nh5+ Nxh5 26. Qxg4
Rb8 27. Qe2 Nf4 28. Qc2 Nxd3 29. Rxd3 Qg5 30. Rg3 Qb5 31. Rg1 Qe5 32. Rg3 Qb5
33. b3 Rd8 34. Rg1 Qh5 35. Qc7 Re8 36. Re1 Qh3 37. Kb2 Rc8 38. Qg3 Qe6 39. f4
Qd7 40. Qe3 Qg4 41. f5 Qh4 42. Qg3 Qf6+ 43. Kb1 Qd4 44. e5 Rc3 45. f6+ Kg8 46.
Qg2 Qd3+ 47. Kb2 Rc8 48. Qe2 Qd4+ 49. Kb1 Qf4 50. Rf1 Qh4 51. e6 Re8 52. e7 1-0

[Event "Autunno Scacchistico A"]
[Site "Venezia ITA"]
[Date "2004.11.01"]
[Round "5"]
[White "Bettera, Roberto"]
[Black "Buzio, Alberto"]
[Result "1-0"]
[WhiteElo "1883"]
[BlackElo "1909"]
[PlyCount "61"]
[EventDate "2004.10.30"]

1. d4 Nf6 2. c4 e6 3. Nf3 c5 4. e3 Be7 5. d5 d6 6. Nc3 exd5 7. cxd5 Bg4 8. Be2
Nbd7 9. e4 O-O 10. Bf4 Bxf3 11. Bxf3 Re8 12. O-O Ne5 13. Be2 a6 14. a4 Nfd7 15.
Qd2 Bf6 16. Bg3 Nb6 17. f4 Nec4 18. Qc1 Bxc3 19. bxc3 Rxe4 20. Bd3 Re3 21. Qc2
g6 22. Bf2 Qf6 23. a5 Rxd3 24. Qxd3 Nb2 25. Qe2 N6c4 26. Ra2 Qd8 27. Rxb2 Nxb2
28. Qxb2 Qxa5 29. Qxb7 Rd8 30. Qe7 Rf8 31. Qxd6 1-0

[Event "Autunno Scacchistico A"]
[Site "Venezia ITA"]
[Date "2004.11.01"]
[Round "5"]
[White "Cecchetto, Vanni"]
[Black "Redo, Giorgio"]
[Result "0-1"]
[WhiteElo "1989"]
[BlackElo "2045"]
[PlyCount "138"]
[EventDate "2004.10.30"]

1. Nf3 d5 2. d4 Nf6 3. c4 c6 4. Nc3 e6 5. Bg5 Be7 6. e3 Nbd7 7. Rc1 Qb6 8. Qc2
h6 9. Bh4 O-O 10. Bd3 dxc4 11. Bxc4 Re8 12. O-O Nd5 13. Bxe7 Rxe7 14. e4 Nxc3
15. Qxc3 Nf6 16. Rfe1 Bd7 17. d5 exd5 18. exd5 Rxe1+ 19. Rxe1 cxd5 20. Bb3 Re8
21. Ne5 Be6 22. Bc2 Rc8 23. Qd2 Qc5 24. Bb1 Ne4 25. Qe2 Qd4 26. Nf3 Qb6 27. Ne5
f6 28. Ng6 Re8 29. h4 Bg4 30. Qe3 Qxe3 31. Rxe3 Bh5 32. Nf4 Bf7 33. Bc2 g5 34.
hxg5 hxg5 35. Nd3 f5 36. f3 f4 37. Re1 Rc8 38. Re2 Ng3 39. Rd2 Bg6 40. Nb4 a5
41. Kf2 Kg7 42. Bxg6 Kxg6 43. Nc2 Kf6 44. Ke1 Ke5 45. Kd1 b5 46. Ne1 b4 47.
Nd3+ Kd6 48. Nf2 Nf1 49. Re2 Ne3+ 50. Kd2 Nxg2 51. Nh3 Ne3 52. Nxg5 Rc2+ 53.
Kd3 Rc1 54. Nf7+ Ke6 55. Ng5+ Kf5 56. Nh3 a4 57. Nxf4 Kxf4 58. Kd4 Rd1+ 59. Kc5
Kxf3 60. Rh2 b3 61. axb3 axb3 62. Kb4 Rd3 63. Rh8 Ke2 64. Rh2+ Kd1 65. Rh1+ Kc2
66. Rh2+ Kc1 67. Rh8 Kxb2 68. Rd8 Kc1 69. Rc8+ Nc2+ 0-1

[Event "Autunno Scacchistico A"]
[Site "Venezia ITA"]
[Date "2004.11.01"]
[Round "5"]
[White "De Barba, Eric"]
[Black "Zambon, Roberto"]
[Result "0-1"]
[WhiteElo "1805"]
[BlackElo "1799"]
[PlyCount "52"]
[EventDate "2004.10.30"]

1. e4 c5 2. Nc3 d6 3. f4 g6 4. Bc4 Bg7 5. d3 e6 6. Nf3 Ne7 7. Bb3 Nbc6 8. O-O
O-O 9. Qe1 Nd4 10. Nxd4 cxd4 11. Ne2 Nc6 12. g4 Bd7 13. Qg3 Na5 14. Bd2 Nxb3
15. axb3 Rc8 16. c3 dxc3 17. Bxc3 a6 18. Kg2 f5 19. h3 Qb6 20. b4 Bb5 21. Rac1
fxe4 22. Bxg7 Kxg7 23. Qh4 Rxc1 24. Rxc1 exd3 25. Ng3 Bc6+ 26. Kh2 Qf2# 0-1

[Event "Autunno Scacchistico A"]
[Site "Venezia ITA"]
[Date "2004.11.01"]
[Round "5"]
[White "Lorenzini, Adriano"]
[Black "Bonan, Yves"]
[Result "1-0"]
[WhiteElo "1880"]
[BlackElo "1825"]
[PlyCount "107"]
[EventDate "2004.10.30"]

1. d4 Nf6 2. c4 g6 3. Nc3 Bg7 4. e4 d6 5. f3 O-O 6. Be3 Nbd7 7. Qd2 c6 8. Nge2
b5 9. cxb5 cxb5 10. Nxb5 a5 11. a4 Ba6 12. Nec3 Bxb5 13. Bxb5 Ne8 14. O-O Nc7
15. Bh6 Bxh6 16. Qxh6 Nxb5 17. Nxb5 Qb6 18. Qd2 Rac8 19. Rfc1 Nb8 20. Kh1 Na6
21. Ra3 Rxc1+ 22. Qxc1 Nb4 23. Qc7 Qxc7 24. Nxc7 Nc2 25. Rd3 Rc8 26. Nd5 Rb8
27. b3 e6 28. Ne7+ Kf8 29. Nc6 Rc8 30. Nxa5 Nxd4 31. h4 e5 32. Rd1 Rc2 33. Rb1
Ra2 34. Nc4 Ke7 35. a5 Ke6 36. b4 d5 37. exd5+ Kxd5 38. Ne3+ Kc6 39. Ng4 Kd6
40. Nf6 h5 41. Ne4+ Kc6 42. Ng5 f6 43. Nh7 Nf5 44. Nxf6 Nxh4 45. b5+ Kb7 46.
a6+ Kc8 47. b6 Rxa6 48. b7+ Kb8 49. Nd7+ Kc7 50. b8=Q+ Kxd7 51. Qb7+ Ke6 52.
Qxa6+ Kf5 53. Rb4 Kg5 54. Rxh4 1-0

[Event "Autunno Scacchistico A"]
[Site "Venezia ITA"]
[Date "2004.11.01"]
[Round "5"]
[White "Lorusso, Giuseppe"]
[Black "Castellano, Alfonso"]
[Result "1/2-1/2"]
[WhiteElo "1987"]
[BlackElo "1881"]
[PlyCount "113"]
[EventDate "2004.10.30"]

1. d4 Nf6 2. c4 g6 3. Nc3 Bg7 4. e4 d6 5. Nf3 O-O 6. Be2 e5 7. O-O Nc6 8. d5
Ne7 9. Ne1 Ne8 10. Nd3 f5 11. Bd2 Nf6 12. f3 c6 13. a3 c5 14. b4 b6 15. bxc5
bxc5 16. Rb1 Bd7 17. Qc2 Qc7 18. Rb2 Rfb8 19. Rfb1 Rxb2 20. Qxb2 Bc8 21. Nc1
Nd7 22. Nb5 Qb8 23. Qc2 Nb6 24. a4 a6 25. Na3 Qa7 26. a5 Nd7 27. Bd1 Rb8 28.
Qd3 Rb7 29. Ne2 Qb8 30. Nc3 Rxb1 31. Naxb1 Kf7 32. Ba4 Nf6 33. Bd1 Bd7 34. Na4
fxe4 35. fxe4 Nxe4 36. Qxe4 Bf5 37. Qf3 Qxb1 38. g4 e4 39. Qf1 Bd4+ 40. Kh1 e3
41. gxf5 Nxf5 42. Bc3 Qe4+ 43. Bf3 Qh4 44. Be1 Qf4 45. Bg2 Qe5 46. Qf3 Kg7 47.
Qe4 Qf6 48. Nb6 Bc3 49. Nd7 Qd4 50. Qe8 Kh6 51. Qf8+ Kg5 52. h4+ Kg4 53. Qd8
Qf4 54. Bxc3 Ng3+ 55. Kg1 Qf2+ 56. Kh2 Nf1+ 57. Kh1 1/2-1/2

[Event "Autunno Scacchistico A"]
[Site "Venezia ITA"]
[Date "2004.11.01"]
[Round "5"]
[White "Mattavelli, Italo"]
[Black "Balbi, Fabio"]
[Result "0-1"]
[WhiteElo "1855"]
[BlackElo "1862"]
[PlyCount "76"]
[EventDate "2004.10.30"]

1. e4 c5 2. Nf3 d6 3. d4 cxd4 4. Nxd4 Nc6 5. Be2 e6 6. c4 Nf6 7. Nc3 a6 8. O-O
Qc7 9. Kh1 Be7 10. Be3 Bd7 11. f4 Nxd4 12. Qxd4 Bc6 13. Rad1 O-O 14. Bf3 Rad8
15. Qd2 b5 16. Qf2 Qb7 17. cxb5 axb5 18. Bb6 Rb8 19. Bd4 Nxe4 20. Nxe4 Bxe4 21.
Qg3 f6 22. Bg4 e5 23. fxe5 fxe5 24. Bc3 b4 25. Bd2 Kh8 26. Be6 Bg6 27. h4 Qb5
28. Rfe1 Rf6 29. Bg4 h6 30. Be2 Qe8 31. a3 bxa3 32. bxa3 Bh5 33. Qc3 Bxe2 34.
Rxe2 Qh5 35. Rde1 Qxh4+ 36. Kg1 Rbf8 37. Qc2 Rf5 38. Re4 Qf2+ 0-1

[Event "Autunno Scacchistico A"]
[Site "Venezia ITA"]
[Date "2004.11.01"]
[Round "5"]
[White "Militello, Michele"]
[Black "Cesaro, Giuliano"]
[Result "1/2-1/2"]
[WhiteElo "1814"]
[BlackElo "1963"]
[PlyCount "85"]
[EventDate "2004.10.30"]

1. d4 Nf6 2. Nf3 g6 3. c4 Bg7 4. Nc3 d5 5. e3 O-O 6. cxd5 Nxd5 7. Qb3 Nxc3 8.
bxc3 c5 9. Bd3 Nc6 10. O-O Na5 11. Qd1 c4 12. Be2 b5 13. Nd2 e5 14. Bf3 Rb8 15.
Ba3 Re8 16. Bb4 Nb7 17. Bc6 Bd7 18. Bxb7 Rxb7 19. Qf3 Bc8 20. Ne4 a5 21. Bc5
Rd7 22. Nd2 Bb7 23. Qg3 exd4 24. Bxd4 Bxd4 25. exd4 Re2 26. Nf3 Bxf3 27. Qxf3
Rde7 28. Qc6 Qe8 29. Qb6 Re1 30. Raxe1 Rxe1 31. g3 Qe2 32. Rxe1 Qxe1+ 33. Kg2
b4 34. cxb4 Qxb4 35. Qd8+ Kg7 36. Qc7 c3 37. Qe5+ Kg8 38. Qe8+ Kg7 39. Qe5+ Kg8
40. Qe8+ Qf8 41. Qc6 Qb4 42. Qe8+ Kg7 43. Qe5+ 1/2-1/2

[Event "Autunno Scacchistico A"]
[Site "Venezia ITA"]
[Date "2004.11.01"]
[Round "5"]
[White "Rossi, Damiano"]
[Black "Xia, Jie"]
[Result "1/2-1/2"]
[WhiteElo "1996"]
[BlackElo "2097"]
[PlyCount "122"]
[EventDate "2004.10.30"]

1. d4 Nf6 2. c4 g6 3. Nc3 Bg7 4. e4 d6 5. Be2 O-O 6. Be3 Nbd7 7. Nf3 e5 8. dxe5
dxe5 9. O-O c6 10. h3 Qc7 11. Qd2 Re8 12. Rad1 Nh5 13. Ng5 Nf4 14. Bg4 Nf6 15.
Bxc8 Rexc8 16. Qd6 h6 17. Nf3 Ne8 18. Qd7 Ne6 19. Qxc7 N8xc7 20. Rd7 b6 21.
Rfd1 Rd8 22. Rxd8+ Rxd8 23. Rxd8+ Nxd8 24. Kf1 Kf8 25. Ke2 Ke7 26. Kd3 Kd6 27.
b4 Nde6 28. g3 Ne8 29. a3 Nf6 30. Nxe5 Kxe5 31. f4+ Nxf4+ 32. gxf4+ Ke6 33. Ne2
Nd7 34. Nd4+ Bxd4 35. Kxd4 f5 36. e5 g5 37. fxg5 hxg5 38. Bxg5 c5+ 39. Kc3 Kxe5
40. Kb3 f4 41. bxc5 Nxc5+ 42. Kb4 f3 43. Be3 a6 44. Bg1 f2 45. Bxf2 Nd3+ 46.
Kc3 Nxf2 47. h4 Ng4 48. Kb4 Kd4 49. h5 Ke5 50. c5 Kd5 51. cxb6 Kc6 52. b7 Kxb7
53. Ka5 Nh6 54. Kb4 Kb6 55. Kc4 Nf7 56. Kd5 Ka5 57. Kc5 Nh6 58. Kc6 Ka4 59. Kb6
a5 60. Ka6 Nf5 61. Kb6 Nh6 1/2-1/2

[Event "Autunno Scacchistico A"]
[Site "Venezia ITA"]
[Date "2004.11.01"]
[Round "5"]
[White "Velluti, Alberto"]
[Black "Tomio, Dante"]
[Result "1-0"]
[WhiteElo "1829"]
[BlackElo "1876"]
[PlyCount "51"]
[EventDate "2004.10.30"]

1. e4 c5 2. Nf3 d6 3. d4 cxd4 4. Nxd4 Nf6 5. Nc3 g6 6. f4 Nc6 7. Nxc6 bxc6 8.
Bc4 Qc7 9. O-O Bg7 10. Bb3 O-O 11. Kh1 e6 12. Be3 Rb8 13. Rb1 Ba6 14. Re1 c5
15. a3 Nd7 16. Qd2 c4 17. Ba2 Nc5 18. Bd4 Bh6 19. Qf2 Qa5 20. Qh4 Bg7 21. Bxg7
Kxg7 22. f5 exf5 23. exf5 Qd8 24. Re7 Rb7 25. Nd5 Rxe7 26. f6+ 1-0

[Event "Autunno Scacchistico A"]
[Site "Venezia ITA"]
[Date "2004.11.01"]
[Round "5"]
[White "Zarpellon, Daniel"]
[Black "Roberti, Ignazio"]
[Result "1-0"]
[WhiteElo "1985"]
[BlackElo "1960"]
[PlyCount "91"]
[EventDate "2004.10.30"]

1. e4 c5 2. Nc3 Nc6 3. Nge2 e6 4. d3 d5 5. g3 Nf6 6. Bg2 d4 7. Nb1 Rb8 8. O-O
Be7 9. Nd2 b5 10. f4 O-O 11. Nf3 Qb6 12. Kh1 Bd7 13. h3 h6 14. g4 Nh7 15. Bd2
Qd8 16. Qc1 f5 17. e5 g5 18. Ng3 Rc8 19. Nh5 Be8 20. Ng3 Bg6 21. a4 b4 22. b3
a5 23. Ne2 Rf7 24. Be1 Rf8 25. Bg3 Rf7 26. Nd2 Nf8 27. Nc4 Nd7 28. Qd2 Nb6 29.
Nxb6 Qxb6 30. Rae1 Qd8 31. Ng1 Nb8 32. Bb7 Rc7 33. Bg2 Nd7 34. gxf5 Bxf5 35.
Qe2 Rg7 36. Be4 Qe8 37. Bxf5 exf5 38. e6 Nf6 39. fxg5 Rxg5 40. Bxc7 Qc6+ 41.
Nf3 Rh5 42. Qg2+ Ng4 43. Kg1 Rg5 44. Nxg5 Qxc7 45. Nf7 Bh4 46. hxg4 1-0

[Event "XXXII C.to Italiano ASCI"]
[Site "Folgaria ITA"]
[Date "2004.06.26"]
[Round "1"]
[White "Accossano, Paolo"]
[Black "Fratini, Mauro"]
[Result "1/2-1/2"]
[WhiteElo "1682"]
[BlackElo "1787"]
[PlyCount "45"]
[EventDate "2004.06.26"]

1. e4 d5 2. exd5 Qxd5 3. Nc3 Qa5 4. d4 Nf6 5. Nf3 Bg4 6. Be2 c6 7. O-O Nbd7 8.
Ne5 Bxe2 9. Qxe2 e6 10. Nxd7 Nxd7 11. f4 Qb6 12. Rd1 Be7 13. f5 e5 14. Na4 Qa5
15. b3 b5 16. Nb2 Qc7 17. Re1 Bb4 18. Bd2 Bxd2 19. Qxd2 O-O 20. dxe5 Nxe5 21.
Qf4 f6 22. Nd3 Qb6+ 23. Qf2 1/2-1/2

[Event "XXXII C.to Italiano ASCI"]
[Site "Folgaria ITA"]
[Date "2004.06.26"]
[Round "1"]
[White "Zolet, Antonio"]
[Black "Tamagni, Ernesto"]
[Result "1-0"]
[WhiteElo "1727"]
[BlackElo "1559"]
[PlyCount "39"]
[EventDate "2004.06.26"]

1. e4 e5 2. Nf3 Nc6 3. d4 exd4 4. Bc4 Nf6 5. e5 Ng4 6. Bxf7+ Kxf7 7. Ng5+ Kg8
8. Qxg4 Bc5 9. Qe4 Ne7 10. O-O Qe8 11. c3 dxc3 12. Qc4+ Kf8 13. Qxc5 cxb2 14.
Bxb2 h6 15. Nf3 c6 16. Nbd2 b6 17. Qd6 Kf7 18. Ne4 Nf5 19. Qd3 Qe6 20. Neg5+
1-0

[Event "XXXII C.to Italiano ASCI"]
[Site "Folgaria ITA"]
[Date "2004.06.27"]
[Round "2"]
[White "Damiani, Lorenzo"]
[Black "Zolet, Antonio"]
[Result "1-0"]
[WhiteElo "1706"]
[BlackElo "1727"]
[PlyCount "33"]
[EventDate "2004.06.26"]

1. d4 d5 2. c4 e5 3. cxd5 Qxd5 4. e3 exd4 5. exd4 Nc6 6. Nf3 Bg4 7. Nc3 Bb4 8.
Be2 Nf6 9. O-O O-O 10. Nxd5 Nxd5 11. Bd2 Bd6 12. Qb3 Nb6 13. Rfe1 Bxf3 14. Qxf3
Nxd4 15. Qd3 Nxe2+ 16. Rxe2 Rad8 17. Rae1 1-0

[Event "XXXII C.to Italiano ASCI"]
[Site "Folgaria ITA"]
[Date "2004.06.27"]
[Round "2"]
[White "Fratini, Mauro"]
[Black "Pugliese, Giuseppe"]
[Result "1-0"]
[WhiteElo "1787"]
[BlackElo "1696"]
[PlyCount "93"]
[EventDate "2004.06.26"]

1. d4 d5 2. Bf4 Nf6 3. e3 g6 4. Be2 Bg7 5. h3 Nbd7 6. Nf3 Ne4 7. c4 c6 8. O-O
O-O 9. Nc3 Nxc3 10. bxc3 Nf6 11. Bd3 dxc4 12. Bxc4 Ne4 13. Rc1 Nd6 14. Bd3 b5
15. a3 Be6 16. Ne5 Rc8 17. Qe2 f6 18. Nf3 Bc4 19. Bxc4+ Nxc4 20. Qa2 Qd5 21.
Qe2 Qd7 22. a4 a6 23. Rfd1 Qe8 24. Nd2 Nb2 25. Re1 Rd8 26. axb5 Nd3 27. Qxd3
axb5 28. Qc2 e5 29. Bg3 Kh8 30. Ne4 f5 31. Nc5 f4 32. exf4 Qf7 33. fxe5 Bh6 34.
e6 Qe7 35. Ra1 Bf4 36. Bxf4 Rxf4 37. Qe2 Rdf8 38. Qe5+ Kg8 39. f3 R4f5 40. Qe3
h5 41. Ra6 Qh4 42. Qf2 Qg5 43. Qa2 Rd5 44. Ra8 Rxa8 45. Qxa8+ Rd8 46. Qxc6 Qd2
47. Qe4 1-0

[Event "XXXII C.to Italiano ASCI"]
[Site "Folgaria ITA"]
[Date "2004.06.28"]
[Round "3"]
[White "Gasperoni, Claudio"]
[Black "Damiani, Lorenzo"]
[Result "1-0"]
[WhiteElo "1712"]
[BlackElo "1706"]
[PlyCount "59"]
[EventDate "2004.06.26"]

1. d4 d5 2. c4 e6 3. Nf3 Nf6 4. Bg5 Be7 5. Nc3 Nbd7 6. e3 O-O 7. Qc2 h6 8. Bh4
b6 9. cxd5 Nxd5 10. Nxd5 exd5 11. Bxe7 Qxe7 12. Qxc7 Qb4+ 13. Qc3 Qd6 14. Bd3
Bb7 15. O-O Rac8 16. Qd2 Nf6 17. Ne5 Nd7 18. Nxd7 Qxd7 19. Rac1 Rce8 20. Rc3
Qe6 21. Rfc1 Re7 22. Rc7 Rfe8 23. Bb5 Rd8 24. Qb4 Rd6 25. Bd3 g6 26. a4 a5 27.
Qa3 Rxc7 28. Rxc7 Rd7 29. Qc3 Qd6 30. Rxb7 1-0

[Event "XXXII C.to Italiano ASCI"]
[Site "Folgaria ITA"]
[Date "2004.06.28"]
[Round "3"]
[White "Zolet, Antonio"]
[Black "Fratini, Mauro"]
[Result "1-0"]
[WhiteElo "1727"]
[BlackElo "1787"]
[PlyCount "81"]
[EventDate "2004.06.26"]

1. e4 d5 2. exd5 Nf6 3. Nf3 Nxd5 4. d4 Bg4 5. Be2 e6 6. Nc3 c6 7. O-O Nd7 8. h3
Bh5 9. Ne4 h6 10. c4 N5f6 11. Ng3 Bg6 12. Bd3 Bxd3 13. Qxd3 Bd6 14. Ne2 O-O 15.
Be3 e5 16. Nc3 exd4 17. Bxd4 Re8 18. Rfe1 Nc5 19. Qf5 Ncd7 20. Rad1 Rxe1+ 21.
Rxe1 c5 22. Bxf6 Nxf6 23. Nd5 Nxd5 24. Qxd5 Qc7 25. Rd1 Bf8 26. Qd7 Qb6 27. Ne5
Qf6 28. Qxb7 Re8 29. Ng4 Qb6 30. Qxb6 axb6 31. Kf1 Rb8 32. b3 Rb7 33. Ne5 Be7
34. Rd7 Rxd7 35. Nxd7 Bd8 36. Ke2 f6 37. Kd3 Bc7 38. Ke4 Kf7 39. Kd5 Ke7 40.
Kc6 Bf4 41. Nxb6 1-0

[Event "XXXII C.to Italiano ASCI"]
[Site "Folgaria ITA"]
[Date "2004.06.29"]
[Round "4"]
[White "Pugliese, Giuseppe"]
[Black "Zolet, Antonio"]
[Result "1/2-1/2"]
[WhiteElo "1696"]
[BlackElo "1727"]
[PlyCount "25"]
[EventDate "2004.06.26"]

1. e4 e5 2. Nf3 Nc6 3. d4 exd4 4. Nxd4 Nxd4 5. Qxd4 d6 6. Nc3 Nf6 7. Be2 Be7 8.
O-O O-O 9. Bf4 Bg4 10. Bxg4 Nxg4 11. h3 Bf6 12. Qd2 Ne5 13. Qe2 1/2-1/2

[Event "XXXII C.to Italiano ASCI"]
[Site "Folgaria ITA"]
[Date "2004.06.29"]
[Round "4"]
[White "Sommadossi, Roberto"]
[Black "Gasperoni, Claudio"]
[Result "1/2-1/2"]
[WhiteElo "1524"]
[BlackElo "1712"]
[PlyCount "67"]
[EventDate "2004.06.26"]

1. e4 e5 2. Nf3 Nc6 3. Bc4 Nf6 4. Ng5 d5 5. exd5 Na5 6. Bb5+ c6 7. dxc6 bxc6 8.
Ba4 Qd4 9. c3 Qd5 10. O-O Bd6 11. d4 O-O 12. dxe5 Qxe5 13. Nf3 Qe7 14. Bg5 h6
15. Bxf6 Qxf6 16. Nbd2 Bg4 17. Ne4 Qg6 18. Nxd6 Bxf3 19. Qxf3 Qxd6 20. Rfd1 Qc7
21. b4 Nc4 22. Qxc6 Rac8 23. Qxc7 Rxc7 24. Rd7 Rfc8 25. Rad1 Nb6 26. Rd8+ Rxd8
27. Rxd8+ Kh7 28. Bc2+ g6 29. Rd3 Nc4 30. h3 Kg7 31. Bb3 Ne5 32. Re3 Kf6 33. f4
Nc4 34. Bxc4 1/2-1/2

[Event "XXXII C.to Italiano ASCI"]
[Site "Folgaria ITA"]
[Date "2004.06.30"]
[Round "5"]
[White "Accossano, Paolo"]
[Black "Damiani, Lorenzo"]
[Result "0-1"]
[WhiteElo "1682"]
[BlackElo "1706"]
[PlyCount "44"]
[EventDate "2004.06.26"]

1. e4 d5 2. exd5 Qxd5 3. Nc3 Qa5 4. d4 Nf6 5. Bd3 Bf5 6. Nf3 Bxd3 7. Qxd3 e6 8.
O-O Be7 9. Re1 O-O 10. Bf4 c6 11. Ne4 Nxe4 12. Rxe4 Nd7 13. c4 Rad8 14. a3 Qf5
15. Bc7 Nc5 16. Qc2 Nxe4 17. Bxd8 Rxd8 18. Re1 Nd6 19. Qb3 b5 20. cxb5 Qxb5 21.
Qc2 Nf5 22. Re5 Nxd4 0-1

[Event "XXXII C.to Italiano ASCI"]
[Site "Folgaria ITA"]
[Date "2004.06.30"]
[Round "5"]
[White "Gasperoni, Claudio"]
[Black "Pugliese, Giuseppe"]
[Result "1-0"]
[WhiteElo "1712"]
[BlackElo "1696"]
[PlyCount "55"]
[EventDate "2004.06.26"]

1. d4 Nf6 2. c4 c5 3. d5 g6 4. Nc3 Bg7 5. e4 d6 6. Nge2 O-O 7. Ng3 Na6 8. Be2
Nc7 9. a4 a6 10. O-O e6 11. Bg5 h6 12. Be3 exd5 13. exd5 Re8 14. Qd2 Kh7 15. f3
Ng8 16. Bf2 Bd7 17. Bd3 Re5 18. Nge4 Ne8 19. Bg3 Re7 20. Nxd6 Nxd6 21. Bxd6 Re8
22. Bxc5 Rc8 23. Bf2 Be5 24. Ne4 Bf5 25. Rae1 Ne7 26. Bg3 Bxg3 27. hxg3 Qc7 28.
Nf6+ 1-0

[Event "XXXII C.to Italiano ASCI"]
[Site "Folgaria ITA"]
[Date "2004.07.01"]
[Round "6"]
[White "Damiani, Lorenzo"]
[Black "Pugliese, Giuseppe"]
[Result "1/2-1/2"]
[WhiteElo "1706"]
[BlackElo "1696"]
[PlyCount "83"]
[EventDate "2004.06.26"]

1. d4 Nf6 2. c4 c5 3. d5 g6 4. Nc3 Bg7 5. e4 d6 6. Bd3 O-O 7. f3 a5 8. Be3 Nbd7
9. Qd2 Ne5 10. Be2 Re8 11. O-O-O a4 12. Bh6 Qa5 13. Bxg7 Kxg7 14. h4 Nh5 15. f4
Ng4 16. Bxg4 Bxg4 17. Nge2 Bxe2 18. Nxe2 Qxd2+ 19. Rxd2 Nf6 20. Nc3 Nd7 21. Nb5
Rec8 22. h5 h6 23. g4 Nf6 24. hxg6 fxg6 25. g5 hxg5 26. fxg5 Nd7 27. Rdh2 Rh8
28. Nc7 Rxh2 29. Ne6+ Kg8 30. Rxh2 Nf8 31. Nf4 Kg7 32. Re2 Nd7 33. Ne6+ Kg8 34.
Rh2 Rb8 35. Rh6 Ne5 36. b3 axb3 37. axb3 b5 38. cxb5 Rxb5 39. Kc2 Rb4 40. Rh4
Nf3 41. Rf4 Nd4+ 42. Nxd4 1/2-1/2